000 01310nam a2200361Ia 4500
001 dia_5623
003 CHAP
005 20250805091206.0
007 ta
008 220117s1997 mx fr 001 0 spa d
040 _cCHAP
_amxchpua
090 _aT.C.228
_bB65 IAI
_c1997
245 1 0 _aReporte final del viaje de estudios :
_bTierra blanca - Isla, Veracruz /
_ccoordinador Víctor Darwin Bolaños Hernández ; colaboradores Luz María Acosta Gómez...[et al.]
260 _aMéxico :
_bEl autor,
_c1997
300 _acerca 100 hojas :
_bdiagramas, tablas
336 _2rdacontent
_atexto
_btxt
337 _2rdamedia
_asin medio
_bn
338 _2rdacarrier
_avolumen
_bnc
500 _a5° año
502 _aViaje de Estudios
_b(IAI) --
_cUACh. Departamento de Ingeniería Agroindustrial,
_d1997
504 _aIncluye bibliografía
650 1 7 _aIndustrias agrícolas
_957925
_zMéxico
_zVeracruz
650 1 3 _aAgricultural industry
_9154211
_zMexico
_zVeracruz
700 1 _aBolaños Hernández, Víctor Darwin
_9148782
_ecoordinador
700 1 _aAcosta Gómez, Luz María
_ecolaboradora
_9656
901 _aT.C.228 B65 IAI 1997
902 _aM
905 _a5332271997 mx n 8223123322spa16
942 _2local
942 _cVE
999 _c176602
_d176602